Computer integrated manufacturing : Guidelines and applications from industrial leaders
Many manufacturing managers feel unsure about the nature of CIM; Steven Melnyk and Ram Narasimhan present it as a strategic, rather than a technical, function and offer a management-based approach for understanding and implementing it in your operations. Unlike other CIM books, Computer Integrated M...
Tallennettuna:
| Päätekijä: | |
|---|---|
| Aineistotyyppi: | Kirja |
| Kieli: | Undetermined |
| Julkaistu: |
Homewood
Business One Irwin
1992
|
| Aiheet: | |
| Tagit: |
Lisää tagi
Ei tageja, Lisää ensimmäinen tagi!
|
| Thư viện lưu trữ: | Trung tâm Học liệu Trường Đại học Cần Thơ |
|---|
| LEADER | 01119nam a2200217Ia 4500 | ||
|---|---|---|---|
| 001 | CTU_221711 | ||
| 008 | 210402s9999 xx 000 0 und d | ||
| 082 | |a 670.285 | ||
| 082 | |b M527 | ||
| 100 | |a Melnyk, Steven A. | ||
| 245 | 0 | |a Computer integrated manufacturing : | |
| 245 | 0 | |b Guidelines and applications from industrial leaders | |
| 245 | 0 | |c Steven A. Melnyk, Ram Narasimhan | |
| 260 | |a Homewood | ||
| 260 | |b Business One Irwin | ||
| 260 | |c 1992 | ||
| 520 | |a Many manufacturing managers feel unsure about the nature of CIM; Steven Melnyk and Ram Narasimhan present it as a strategic, rather than a technical, function and offer a management-based approach for understanding and implementing it in your operations. Unlike other CIM books, Computer Integrated Manufacturing is written from the manager's point of view, rather than that of a technical expert. In easy-to-understand terms. | ||
| 650 | |a Computer integrated manufacturing systems,Hệ thống sản xuất tích hợp máy tính | ||
| 904 | |i Qhieu | ||
| 910 | |a Qhieu | ||
| 980 | |a Trung tâm Học liệu Trường Đại học Cần Thơ | ||